Trend Das Wirtschaftsmagazin

Saved in:
Bibliographic Details
Format: Serial
Language:German
Published: Wien Axel Bogocz 2013
Subjects:
Tags: Add Tag
No Tags, Be the first to tag this record!

MARC

LEADER 00000nas2a2200000 4500
001 0239773
005 20180131073509.6
022 |a 0049-4623 
041 0 |a ger 
044 |a AT 
245 1 0 |a Trend  |b Das Wirtschaftsmagazin 
264 1 |a Wien  |b Axel Bogocz  |c 2013 
773 0 |w eu_un_cat*0066712 
610 2 0 |a situácia hospodárska 
610 2 0 |a rozvoj hospodársky 
610 2 0 |a Rakúsko